00654nas a2200217Ia 4500001001100000003000900011008004100020040001300061040001300074041001300087100004400100210001300144222001300157245005800170250001100228260002500239501008600264300001700350362003300367650003600400R036/44112IT-RoPAU151124c99999999xx |||||||||||| ||und|| aIT-RoPAU cIT-RoPAU aITALIANO aSoldati MariogCodice Aut. SPICS: 1146 aSEQUENZE aSequenze aSEQUENZE, ANNO 2-N.09 (MAGGIO 1950)bCinema Americano a1a ed. aPARMAbMACCARIc1950 bPaulus - SPICS - Società San Paolo EM (non-commercial uses only)cCopyright2015 a4 p. [21-24] aANNO 002, N.09 (MAGGIO 1950) aCINEMAvPUBBLICAZIONE PERIODICA